پاکستان سےديارحرم تک (Record no. 608257)
[ view plain ]
| 000 -LEADER | |
|---|---|
| fixed length control field | 00578nam a2200193 a 4500 |
| 003 - CONTROL NUMBER IDENTIFIER | |
| control field | OSt |
| 005 - DATE AND TIME OF LATEST TRANSACTION | |
| control field | 20240226155050.0 |
| 008 - FIXED-LENGTH DATA ELEMENTS--GENERAL INFORMATION | |
| fixed length control field | 180228t pk | |||| 000 0 urd d |
| 040 ## - CATALOGING SOURCE | |
| Transcribing agency | 0 |
| 082 ## - DEWEY DECIMAL CLASSIFICATION NUMBER | |
| Classification number | 891.4393 |
| Author Mark | HAJ |
| 100 10 - MAIN ENTRY--PERSONAL NAME | |
| Personal name | حجازی،نسيم |
| 9 (RLIN) | 47098 |
| 245 10 - TITLE STATEMENT | |
| Title | پاکستان سےديارحرم تک |
| Statement of responsibility, etc. | Naseem Hajazi |
| 246 ## - VARYING FORM OF TITLE | |
| Title proper/short title | Pakistan Say Diyar e Haram Tak |
| 260 ## - PUBLICATION, DISTRIBUTION, ETC. | |
| Place of publication, distribution, etc. | Lahore: |
| Name of publisher, distributor, etc. | Jahangir Books; |
| 300 ## - PHYSICAL DESCRIPTION | |
| Extent | 127 p. |
| 650 ## - SUBJECT ADDED ENTRY--TOPICAL TERM | |
| Topical term or geographic name entry element | Urdu fiction |
| Form subdivision | Safar Nama |
| 9 (RLIN) | 121349 |
| 650 ## - SUBJECT ADDED ENTRY--TOPICAL TERM | |
| Topical term or geographic name entry element | اردو ادب |
| Form subdivision | سفر نامھ |
| 9 (RLIN) | 121350 |
| 942 ## - ADDED ENTRY ELEMENTS (KOHA) | |
| Source of classification or shelving scheme | |
| Koha item type | Book |
| Institution code [OBSOLETE] | SADA |
| Call number prefix | 891.4393 HAJ |
| Withdrawn status | Lost status | Source of classification or shelving scheme | Damaged status | Not for loan | Permanent Location | Current Location | Date acquired | Source of acquisition | Total Checkouts | Full call number | Barcode | Date last seen | Cost, replacement price | Price effective from | Koha item type |
|---|---|---|---|---|---|---|---|---|---|---|---|---|---|---|---|
| School of Art Design and Architecture (SADA) | School of Art Design and Architecture (SADA) | 02/13/2018 | Donation | 891.4393 HAJ | SADAD0000334 | 02/26/2024 | 210.00 | 02/26/2024 | Book |
